000
00212 a2200097 4500
001
32676
100
_a
Alexander, Q
245
_a
Prince Philip
260
_a
London
_b
Hodder & Stoughton
_c
090
_c
21877
_d
21877
942
_a
NUST-CAE
_c
M
_c
13199
999
_c
267749
_d
267749